03400nam a22001697a 450000500170000000800420001705000200005911000940007924501230017325000110029626000590030730000240036650527110039065000330310165000480313465000480318220250516114453.0230301b         mx ||||| |||| 00| 0 spa d04aTA151bC66 19801 aComisión Federal de Electricidad (México).bInstituto de Investigaciones Eléctricas10aManual de diseño de obras civiles c / Comision Federal de Electricidad. Instituto de Investigaciones Eléctricas.   a1a ed.  aMéxico :bComisión Federal de Electricidad,c1980.  av. :bil. ;c28 cm.0 tA Hidrotecnia--
tA.1 Hidrología --tV. 1 A.1.1 Consideraciones generales--tV. 2 A.1.2 Precipitación --tV. 3 A.1.3 Escurrimiento --tV. 4 A.1.4 Perdidas --tV. 5 A.1.5 Relación entre precipitación y escurrimiento --tV. 6 A.1.6 Análisis estadístico -- tV. 7 A.1.7 Tormenta de diseño --tV. 8 A.1.8 Transito de avenidas en vasos --tV. 9 A.1.9 Simulación del funcionamiento de un vaso --tV. 10 A.1.10 Avenida de diseño --tV. 11 A.1.11 Predicción de avenidas --tV. 12 A.1.12 Geohidrología --tA.2 Hidráulica --tV.13 A.2.1 Consideraciones generales --tV. 14 A.2.2 Obra de toma para plantas hidroeléctricas --tV. 15 A.2.3 Conducciones a presión --tV. 16 A.2.4 Máquinas hidráulicas -- tV. 17 A.2.5 Cámaras de oscilación ---tV. 18 A.2.6 Golpe de ariete --tV. 19 A.2.7 Análisis dinámico y de estabilidad de un sistema hidroeléctrico --tV. 20 A.2.8 Planeamiento de sistemas de aprovechamiento hidroeléctrico --tV. 21 A.2.9 Escurrimiento a superficie libre --tV. 22 A.2.10 Obras de excedencias --tV. 23 A.2.11 Hidraulica fluvial --tV. 24 A.2.12 Obras de desvio --tV. 25 A.2.13 Hidráulica marítima --tV. 26 A.2.14 Obras de toma y sistemas de enfriamiento para plantas termoeléctricas
  --tV.27 A.2.15 Técnicas experimentales --tV. 28 A.2.16 Métodos numéricos -- tB Geotecnia --tB.1 Geología --tV. 29 B.1.1 Datos geológicos requeridos --tV. 30 B.1.2 Clasificación de suelos y rocas --tV. 31 B.1.3 Información geológica existente --tV. 32 B.1.4 Obtención de datos geológicos --tV. 33 B.1.5 Presentación de datos geológicos --tB.2 Mecanica de suelos --tV. 34 B.2.1 Exploración y muestreo de suelos --tV. 35 B.2.2 Propiedades físicas y mecánicas de los suelos --tV. 36 B.2.3 Estructuras de tierra --tV. 37 B.2.4 Cimentaciones en suelos --tV. 38 B.2.5 Instrumentación --tB.3 Mecánica de rocas --tV. 39 B.3.1 Estabilidad de taludes --tV. 40 B.3.2 Obras subterráneas --tV. 41 B.3.3 Cimentaciones --tV. 42 B.3.4 Pruebas de campo y laboratorio --tV. 43 B.3.5 Tratamiento de macizos rocosos --tV. 44 B.3.6 Instrumentación --tV .45 B.3.7 Procedimiento de excavación --tC Estructuras --tC.1 Criterios de diseño --tV. 46 C.1.1 Métodos de diseño --tV. 47 C.1.2 Acciones --tV. 48 C.1.3 Diseño por sismo --tV. 49 C.1.4 Diseño por viento --tC.2 Métodos de análisis y diseño --tV. 50 C.2.1 Análisis de estructuras. --tV. 51 C.2.2 Diseño estructural de cimentaciones --tV. 52 C.2.3 Estructuras para transmisión de energía eléctrica. --tV. 53 C.2.4 Torres de enfriamiento. --tV. 54 C.2.5 Tanques y depósitos. --tV. 55 C.2.6 Tuberías. --tV. 56 C.2.7 Chimeneas. 72lembaIngenieríavManuales 72lembaIngenieríaxObras civilesvManuales 72lembaElectricidadxObras civilesvManuales